000 00317nam a2200133Ia 4500
005 20260328101503.0
008 260328s9999||||xx |||||||||||||| ||und||
100 _aToussaint, Manuel
245 0 _aArte mudéjar en América /
_cManuel Toussaint
260 _bPorrua
300 _a143 p.
650 _aARTE
942 _cBK
999 _c8969
_d8969